Strategic management and the economic environment of company 'Z' (Record no. 86445)

MARC details
000 -LEADER
fixed length control field 00770nam a2200229 4500
003 - CONTROL NUMBER IDENTIFIER
control field CBULib
005 - DATE AND TIME OF LATEST TRANSACTION
control field 20250827141006.0
008 - FIXED-LENGTH DATA ELEMENTS--GENERAL INFORMATION
fixed length control field 250827b |||||||| |||| 00| 0 eng d
040 ## - CATALOGING SOURCE
Original cataloging agency CBULib
Language of cataloging English
Transcribing agency CBULib
Description conventions rda
041 ## - LANGUAGE CODE
Language code of text/sound track or separate title eng
050 ## - LIBRARY OF CONGRESS CALL NUMBER
Classification number CBU-SB/STU/NDH
110 ## - MAIN ENTRY--CORPORATE NAME
9 (RLIN) 4712
Corporate name or jurisdiction name as entry element The Copperbelt University-School of Business(CBU-SB)
245 ## - TITLE STATEMENT
Title Strategic management and the economic environment of company 'Z'
Statement of responsibility, etc / by The Copperbelt University-School of Business(CBU-SB)
260 ## - PUBLICATION, DISTRIBUTION, ETC. (IMPRINT)
Place of publication, distribution, etc Kitwe :
Name of publisher, distributor, etc Copperbelt University,
300 ## - PHYSICAL DESCRIPTION
Extent 12 pages
336 ## - CONTENT TYPE
Source rdacontent
Content type term Text |
Content type code txt
337 ## - MEDIA TYPE
Source rdamedia
Media type term Unmediated |
Media type code n
338 ## - CARRIER TYPE
Source rdacarrier
Carrier type term Volume
Carrier type code nc
650 #0 - SUBJECT ADDED ENTRY--TOPICAL TERM
9 (RLIN) 4765
Topical term or geographic name as entry element STRATEGIC MANAGEMENT
700 ## - ADDED ENTRY--PERSONAL NAME
9 (RLIN) 4812
Personal name Ndhlovu, Patrick
942 ## - ADDED ENTRY ELEMENTS (KOHA)
Source of classification or shelving scheme
Koha item type UNIVERSITY COLLECTION
Holdings
Withdrawn status Lost status Source of classification or shelving scheme Damaged status Not for loan Collection code Permanent Location Current Location Shelving location Date acquired Source of acquisition Full call number Barcode Date last seen Copy number Price effective from Koha item type
          Special Collections CBU-MAIN LIBRARY, KITWE. CBU-MAIN LIBRARY, KITWE. Special Collections 08/27/2025 DEP-CBU CBU-SB/STU/NDH B152987 08/27/2025 1 08/27/2025 UNIVERSITY COLLECTION